000 00554cam a2200205 a 4500
020 _a0791461793 (alk. paper)
020 _a0791461807 (pbk. : alk. paper)
041 _aENG
082 0 0 _a294.544
_bDEN
100 1 _aDenton, Lynn Teskey,
245 1 0 _aFemale ascetics in Hinduism
260 _aAlbany :
_bState University of New York Press,
_cc2004.
300 _aix, 218 p. ;
650 0 _aHindu women
650 0 _aAsceticism
650 0 _aAscetics
650 0 _aHindu monastic and religious life
700 1 _aCollins, Steven,
942 _cBK
999 _c22736
_d22736